000 00543nam a22001577a 4500
999 _c11923
_d11923
008 190111b ||||| |||| 00| 0 eng d
020 _a971-542-288-8
082 _22001
_aDFil 899.211
_bP53
245 _aThe King and the Farmer's Daughter (Bicol)/
_cDamiana Eugenio [Compiler and Editor]
260 _aQuezon City:
_bUP Press;
_cc2001.
300 _aPage 287-288;
_c23 cm.
500 _aPhilippine folk literature: The folk tales
650 _aFolklore
_933904
650 _aPhilippine folk literature--Collections
_933905
942 _2ddc
_cDFIL